Mediation in a Changing Landscape: (Record no. 1308)

MARC details
000 -LEADER
fixed length control field 00426nam a22001217a 4500
008 - FIXED-LENGTH DATA ELEMENTS--GENERAL INFORMATION
fixed length control field 230619b xxu||||| |||| 00| 0 eng d
082 ## - DEWEY DECIMAL CLASSIFICATION NUMBER
Classification number 303.69
Item number BRO
100 ## - MAIN ENTRY--PERSONAL NAME
Titles and words associated with a name Maria Brockhaus, Tanja Pickardt, Barbara Rischkowsky
Dates associated with a name 2003
245 ## - TITLE STATEMENT
Title Mediation in a Changing Landscape:
Remainder of title Success and failure in managing conflicts over natural resources in Southwest Burkina Faso
260 ## - PUBLICATION, DISTRIBUTION, ETC. (IMPRINT)
Place of publication, distribution, etc. Germany
Date of publication, distribution, etc. 2003
300 ## - PHYSICAL DESCRIPTION
Extent 35p
942 ## - ADDED ENTRY ELEMENTS (KOHA)
Source of classification or shelving scheme Dewey Decimal Classification
Koha item type Books
Holdings
Withdrawn status Lost status Source of classification or shelving scheme Damaged status Not for loan Home library Current library Date acquired Total Checkouts Full call number Barcode Date last seen Price effective from Koha item type
    Dewey Decimal Classification     County Hall Archives County Hall Archives 06/19/2023   303.69 BRO 10010695 06/19/2023 06/19/2023 Books
LIBRARY OPENING HOURS

When the Parliament is sitting: 8.00a.m - 7.00p.m or until the house adjourns
Mondays and Fridays and when the House is on Recess:  8.00a.m - 5.00p.m
Closed on Weekends and Public Holidays

Online Public Access Catalog (OPAC)
Website: http://www.parliament.go.ke
Bunge Library: https://libraryir.parliament.go.ke
Contact: library@parliament.go.ke | Tel no: (254-2)2221291 or 2848000 Ext 5043